LDR 00953naa#a2200193#i#450# 001 RU\\bibl\124924 005 20260604214911.4 011 ## _a1019-8946 100 ## _a20260603b2026####ek#y0rusy0150####ca 101 0# _aRUS 102 ## _aRU 200 1# _aОптимизация режимов работы сепаратора-сливкоотделителя для получения стандартизированного молока и сливок _eЖурнальная статья 210 1# _aКемерово _cКемеровский государственный университет _d2026 215 ## _a5 с. 608 ## _aЖурнальная статья _2local 675 ## _aСельское хозяйство. Лесное хозяйство. Охота. Рыбное хозяйство. 63 _zRUS 700 #1 _aКурбанова _gМарина Геннадьевна 700 #1 _aКолбина _gАнастасия Юрьевна 856 4# _ajsocnet.ru _u